• 首页
  • 本馆介绍
  • 公告通知
  • 最新文献
  • 馆藏检索
  • 电子资源
  • 读者导购
  • 参考咨询
  • 我的图书馆
  • 登录
  • 详细信息显示
  • 放入我的书架
  • 预约/预借图书
  • 作者相关作品
  • 分类相关作品
  • 丛书相关作品
  • 出版社相关作品

书目信息

  • 表格格式
  • 工作单格式
  • 卡片格式
题名:
彭州泉水
    
 
作者: 刘兰考 , 刘波 主编 ;成都市地方志编纂委员会 , 彭州市地方志编委会 编
分册:  
出版信息: 银川   阳光出版社  2020
页数: 10,246页
开本: 23cm
丛书名: 成都风土人文丛书
单 册:
中图分类: K928.4-53 , K928.4
科图分类:
主题词: 泉水--文化--彭州--文集
电子资源:
ISBN: 978-7-5525-5527-1
000 01288oam2 2200289 450
001 2347162379
005 20231205130610.94
010    @a978-7-5525-5527-1@dCNY53.00
100    @a20201222d2020 em y0chiy50 ea
101 0  @achi
102    @aCN@b640000
105    @aa z 000yy
200 1  @a彭州泉水@Apeng zhou quan shui@f成都市地方志编纂委员会办公室,彭州市地方志编纂委员会办公室编
210    @a银川@c阳光出版社@d2020
215    @a10,246页@c图,彩照@d23cm
225 1  @a成都风土人文丛书
330    @a本书是一部有关彭州市泉水文化的诗文集,分为三个部分:第一辑“泉水故事”,第二辑“泉水风物”,第三辑“泉水艺文”。第一辑收录了70多个在民间口耳相传、源远流长的,与地名或泉水名息息相关的泉水传说故事。第二辑介绍了一些与泉水有关的习俗或历史文物,如泉堰岁修习俗、水车等。第三辑对古代迁客骚人在彭州所创作的有关泉水的诗文进行了整理和选录。
410  0 @12001 @a成都风土人文丛书
606 0  @a泉水@x文化@y彭州@j文集
690    @aK928.4-53@v5
690    @aK928.4@v4
701  0 @a刘兰考@Aliu lan kao@4主编
701  0 @a刘波@Aliu bo@4主编
712 02 @a成都市地方志编纂委员会@Acheng du shi di fang zhi bian zuan wei yuan hui@b办公室@4编
712 02 @a彭州市地方志编委会@Apeng zhou shi di fang zhi bian wei hui@b办公室@4编
801  0 @aCN@b91MARC@c20210121
905    @aZUCC@dK928.4@e7
    
    彭州泉水/成都市地方志编纂委员会办公室,彭州市地方志编纂委员会办公室编.-银川:阳光出版社,2020
    10,246页:图,彩照;23cm.-(成都风土人文丛书)
    
    
    ISBN 978-7-5525-5527-1:CNY53.00
    本书是一部有关彭州市泉水文化的诗文集,分为三个部分:第一辑“泉水故事”,第二辑“泉水风物”,第三辑“泉水艺文”。第一辑收录了70多个在民间口耳相传、源远流长的,与地名或泉水名息息相关的泉水传说故事。第二辑介绍了一些与泉水有关的习俗或历史文物,如泉堰岁修习俗、水车等。第三辑对古代迁客骚人在彭州所创作的有关泉水的诗文进行了整理和选录。
●
相关链接 在五车中查询图书 在当当中查询图书 在豆瓣中查询图书


正题名:彭州泉水     索取号:K928.4/7         预约/预借

序号 登录号 条形码 馆藏地/架位号 状态 备注
1 2001266083   2001266083   辽宁北方(第一批)/辽宁北方(第一批)/295/ [索取号:K928.4/7] 在馆    
2 2001266084   2001266084   辽宁北方(第一批)/辽宁北方(第一批)/295/ [索取号:K928.4/7] 在馆    
3 2001266085   2001266085   辽宁北方(第一批)/辽宁北方(第一批)/295/ [索取号:K928.4/7] 在馆    
4 2001266086   2001266086   辽宁北方(第一批)/辽宁北方(第一批)/295/ [索取号:K928.4/7] 在馆    
5 2001266087   2001266087   辽宁北方(第一批)/辽宁北方(第一批)/295/ [索取号:K928.4/7] 在馆    
6 2001266088   2001266088   辽宁北方(第一批)/辽宁北方(第一批)/295/ [索取号:K928.4/7] 在馆    
山东省滨州职业学院图书馆 欢迎您!
大连网信软件有限公司© 版权所有